000 00461nam a2200193 a 4500
001 1773655510619
003 ACL
005 20260316153735.0
008 260316s2002##################000#0#eng##
020 _a9781580084284
082 0 4 _a641.8
_bTAP
100 1 _aTapp, Alice Guadalupe,
_eauthor.
245 1 0 _aTamales 101 :
260 _bTen Speed Press,
_c2002.
300 _a210 pages
650 0 _aCooking.
942 _cENGLISH
040 _aACL
_beng
_cACL
999 _c617762
_d617762